[Event "Championnat de la Loire 2017-2018"]
[Site "Loire"]
[Date "2017.10.14"]
[Round "1.1"]
[White "Deville, Olivier"]
[Black "Schuhmann, Alain"]
[Result "1-0"]
[WhiteElo "1896"]
[BlackElo "1480"]
[PlyCount "85"]
[EventDate "2017.??.??"]

1. d4 d5 2. Nf3 Nf6 3. c4 e6 4. g3 Be7 5. Bg2 O-O 6. O-O Nc6 7. b3 Rb8 8. Bb2
Na5 9. Nbd2 Bb4 10. Qc2 dxc4 11. bxc4 Bd7 12. e4 Qe8 13. e5 Ba4 14. Qd3 Nd7 15.
Ne4 Qc8 16. Neg5 g6 17. Qe4 f5 18. Qh4 Rf7 19. Nxf7 Kxf7 20. Qxh7+ Ke8 21.
Qxg6+ Kd8 22. Bc1 Nf8 23. Qf7 Qd7 24. Bg5+ Kc8 25. Qxd7+ Kxd7 26. a3 Be7 27.
Bxe7 Kxe7 28. Rac1 Nb3 29. Rc3 Rd8 30. Rd3 Nc5 31. Rd2 Ne4 32. Rb2 b6 33. Rc1
Nd7 34. h4 Nb8 35. d5 exd5 36. cxd5 Rxd5 37. Rxc7+ Rd7 38. Rxd7+ Nxd7 39. Nd4
Nxe5 40. Nxf5+ Kf6 41. Bxe4 Bc6 42. Bxc6 Nxc6 43. Nd6 1-0

[Event "Championnat de la Loire 2017-2018"]
[Site "Loire"]
[Date "2017.10.14"]
[Round "1.2"]
[White "Boeuf, Jean-Julien"]
[Black "Frey, Thierry"]
[Result "0-1"]
[WhiteElo "1473"]
[BlackElo "1876"]
[PlyCount "60"]
[EventDate "2017.??.??"]

1. e4 c5 2. f4 d6 3. Nc3 Nc6 4. Nf3 e6 5. Bc4 a6 6. a4 Nf6 7. O-O Nxe4 8. Nxe4
d5 9. Bxd5 exd5 10. Ng3 Be7 11. Ne5 O-O 12. c3 d4 13. Nxc6 bxc6 14. Qf3 Be6 15.
d3 Bd5 16. Qf2 dxc3 17. bxc3 c4 18. d4 Bf6 19. Ba3 Re8 20. Rfe1 Qd7 21. Nf1
Rxe1 22. Rxe1 c5 23. Bxc5 Qxa4 24. Qe2 h6 25. Ne3 Re8 26. Qf1 Bc6 27. Ra1 Qb3
28. Qxc4 Qb2 29. Re1 Rxe3 30. Qf1 Rxe1 0-1

[Event "Championnat de la Loire 2017-2018"]
[Site "Loire"]
[Date "2017.10.16"]
[Round "1.3"]
[White "Samuel, Christian"]
[Black "Garon, Pierre"]
[Result "0-1"]
[WhiteElo "1801"]
[BlackElo "1838"]
[PlyCount "38"]
[EventDate "2017.??.??"]

1. d4 d5 2. Nf3 Nf6 3. c4 e6 4. g3 Be7 5. Bg2 O-O 6. O-O Ne4 7. Nfd2 f5 8. f3
Nf6 9. b3 c6 10. Bb2 Nbd7 11. e4 b6 12. Qc2 Nb8 13. Kh1 Qd7 14. Nc3 Bb7 15. Ne2
Na6 16. a3 Rad8 17. Rae1 fxe4 18. fxe4 Ng4 19. Rf2 Rxf2 0-1

[Event "Championnat de la Loire 2017-2018"]
[Site "Loire"]
[Date "2017.10.14"]
[Round "1.4"]
[White "Cursoux, Gerard"]
[Black "Fournier, Gerald"]
[Result "1-0"]
[WhiteElo "1824"]
[BlackElo "1470"]
[PlyCount "115"]
[EventDate "2017.??.??"]

1. c4 e5 2. Nc3 Nc6 3. g3 f5 4. Bg2 Nf6 5. e3 Bc5 6. a3 a5 7. Nge2 d6 8. O-O
O-O 9. d4 Ba7 10. Nb5 Ne7 11. Nxa7 Rxa7 12. Bd2 Ng6 13. b4 axb4 14. axb4 Rxa1
15. Qxa1 e4 16. Qa7 b6 17. d5 Ne5 18. Rc1 g5 19. Nd4 Bd7 20. f4 exf3 21. Nxf3
Nxf3+ 22. Bxf3 g4 23. Bg2 Ne4 24. Be1 Qg5 25. Qa3 Ba4 26. Qd3 Re8 27. Bxe4 Rxe4
28. Bd2 Be8 29. c5 bxc5 30. bxc5 dxc5 31. Rxc5 Qe7 32. Qc3 Qe5 33. Rxc7 Qxc3
34. Rxc3 Re5 35. Rd3 Kf7 36. Kf2 Ke7 37. Bb4+ Kd7 38. Rd4 Bf7 39. d6 Rd5 40.
Rf4 Be6 41. Ke2 h6 42. Rc4 Rd2+ 43. Kxd2 Bxc4 44. Kc3 Be6 45. Kd4 Kd8 46. Ke5
Bd7 47. Kf6 Ke8 48. Kg6 h5 49. Kxh5 Kf7 50. Kg5 Ke6 51. e4 Ke5 52. exf5 Bxf5
53. Bc3+ Ke4 54. Kf6 Bd7 55. Ke7 Bf5 56. d7 Bxd7 57. Kxd7 Kf3 58. Ke6 1-0

[Event "Championnat de la Loire 2017-2018"]
[Site "Loire"]
[Date "2017.10.14"]
[Round "1.5"]
[White "Fauvin, David"]
[Black "Pradel, Philippe"]
[Result "1-0"]
[WhiteElo "1453"]
[BlackElo "1665"]
[PlyCount "67"]
[EventDate "2017.??.??"]

1. c4 e5 2. Nc3 Nc6 3. Nf3 d6 4. e3 g6 5. Be2 Bg7 6. O-O Nf6 7. d4 exd4 8. exd4
O-O 9. Bg5 h6 10. Be3 Ne7 11. Bd3 Nf5 12. Bxf5 Bxf5 13. Qd2 Kh7 14. Ne2 Ne4 15.
Qc1 c6 16. Ng3 Nxg3 17. fxg3 Re8 18. Nh4 Be6 19. Qd2 Bxc4 20. Rf2 Re7 21. Rf3
Qe8 22. Bf2 Re2 23. Qb4 Bd5 24. Rd3 Qe7 25. Rd2 Re4 26. Nf3 Rc8 27. b3 c5 28.
Qa5 b6 29. Qb5 Qb7 30. Re1 Rxe1+ 31. Nxe1 Bxd4 32. Qe8 Be5 33. Be3 Bc3 34. Re2
1-0

[Event "Championnat de la Loire 2017-2018"]
[Site "Loire"]
[Date "2017.10.14"]
[Round "1.6"]
[White "Philip, Sylvain"]
[Black "Painvin, Bruno"]
[Result "1-0"]
[WhiteElo "1654"]
[BlackElo "1399"]
[PlyCount "67"]
[EventDate "2017.??.??"]

1. d4 d5 2. Nf3 Bf5 3. c4 Nf6 4. Nc3 e6 5. Bg5 Bb4 6. Qa4+ Nc6 7. Ne5 O-O 8.
Nxc6 Bxc3+ 9. bxc3 Qd7 10. cxd5 exd5 11. Bxf6 gxf6 12. e3 bxc6 13. Be2 Rab8 14.
O-O Rb6 15. c4 a6 16. cxd5 Qxd5 17. Rac1 Rfb8 18. Rc5 Qd7 19. Bf3 Rb1 20. Rfc1
Rxc1+ 21. Rxc1 Rb1 22. Rxb1 Bxb1 23. Bxc6 Qe6 24. Qxa6 Bxa2 25. Qa8+ Kg7 26. d5
Bxd5 27. Bxd5 Qb6 28. g3 Qb1+ 29. Kg2 f5 30. Qe8 Kh6 31. Qf8+ Kg6 32. Qxf7+ Kh6
33. Qf6+ Kh5 34. Bf3# 1-0

[Event "Championnat de la Loire 2017-2018"]
[Site "Loire"]
[Date "2017.10.14"]
[Round "1.7"]
[White "Prando, Julien"]
[Black "Boeuf, Jeremy"]
[Result "1-0"]
[WhiteElo "1392"]
[BlackElo "1622"]
[PlyCount "34"]
[EventDate "2017.??.??"]

1. e4 d5 2. exd5 Nf6 3. d4 Nxd5 4. c4 Nf6 5. Nc3 e5 6. dxe5 Qxd1+ 7. Nxd1 Ne4
8. a3 Bf5 9. Ne3 Bg6 10. Nd5 Na6 11. Nf4 h6 12. Nxg6 fxg6 13. Bd3 Ng5 14. Bxg6+
Kd8 15. b4 Ne6 16. Be3 Ng5 17. f4 Ne6 1-0

[Event "Championnat de la Loire 2017-2018"]
[Site "Loire"]
[Date "2017.10.14"]
[Round "1.8"]
[White "Minchilli, Franco"]
[Black "Mialon, Franck"]
[Result "1-0"]
[WhiteElo "1615"]
[BlackElo "1376"]
[PlyCount "47"]
[EventDate "2017.??.??"]

1. e4 e5 2. Nf3 Nc6 3. Nc3 Bc5 4. Be2 Nf6 5. d3 h6 6. Bd2 Ng4 7. O-O d6 8. Na4
Nd4 9. Nxd4 Qh4 10. Bxg4 Bxg4 11. Nf3 Qh5 12. Nxc5 dxc5 13. Be3 b6 14. c3 O-O-O
15. Qe2 Rd6 16. d4 b5 17. dxc5 Rg6 18. Qxb5 Bxf3 19. Rfc1 Rxg2+ 20. Kf1 Rg6 21.
c6 Kd8 22. Qb8+ Ke7 23. Qxc7+ Kf6 24. Qd6# 1-0

[Event "Championnat de la Loire 2017-2018"]
[Site "Loire"]
[Date "2017.10.14"]
[Round "1.9"]
[White "Gloaguen, Loic"]
[Black "Guichard, Thomas"]
[Result "0-1"]
[WhiteElo "1370"]
[BlackElo "1613"]
[PlyCount "64"]
[EventDate "2017.??.??"]

1. Nc3 d5 2. d4 Nf6 3. h3 e6 4. Nf3 c5 5. Bf4 a6 6. dxc5 Bxc5 7. e3 Nc6 8. a3
O-O 9. Bd3 h6 10. O-O b5 11. e4 dxe4 12. Nxe4 Be7 13. c3 Nd5 14. Bd2 f5 15. Ng3
e5 16. Bc2 e4 17. Ne1 Bc5 18. Bb3 Be6 19. Nc2 Qc7 20. Ne2 Rad8 21. Nf4 Bf7 22.
Nxd5 Bxd5 23. Ne3 Bxb3 24. Qxb3+ Kh8 25. Rfd1 Ne5 26. Bc1 Nd3 27. Qe6 Rf6 28.
Qb3 Qe5 29. Nc2 f4 30. Nb4 f3 31. Nxd3 exd3 32. Re1 Qg3 0-1

[Event "Championnat de la Loire 2017-2018"]
[Site "Loire"]
[Date "2017.10.14"]
[Round "1.10"]
[White "Trottet, Francois"]
[Black "Barrandon, Georges"]
[Result "1-0"]
[WhiteElo "1609"]
[BlackElo "1340"]
[PlyCount "101"]
[EventDate "2017.??.??"]

1. e4 c5 2. Nf3 Nc6 3. c3 Nf6 4. Qc2 d6 5. d4 cxd4 6. Bb5 dxc3 7. Nxc3 Bd7 8.
O-O g6 9. Bg5 Bg7 10. Qe2 O-O 11. Rfd1 Bg4 12. Rd2 Ne5 13. Qe3 Nxf3+ 14. gxf3
Be6 15. Bh6 Nd7 16. Bxg7 Kxg7 17. Kh1 Nb6 18. Nd5 Nxd5 19. exd5 Bf5 20. Rg1 a6
21. Be2 Qd7 22. f4 Rac8 23. Qd4+ Kg8 24. Bh5 b5 25. f3 Rc4 26. Qe3 Rfc8 27. Bg4
Kf8 28. Rdg2 Rc2 29. Qd4 Kg8 30. h4 Rxg2 31. Rxg2 Rc1+ 32. Kh2 Rc2 33. Rxc2
Bxg4 34. fxg4 Qxg4 35. Qf2 Qf5 36. Rc7 Qf6 37. Kg3 e5 38. dxe6 Qxe6 39. Rc6 a5
40. Qd2 Qxa2 41. Rxd6 Qb3+ 42. Rd3 Qc4 43. Rd8+ Kg7 44. Qd4+ Qxd4 45. Rxd4 b4
46. b3 a4 47. bxa4 b3 48. Rb4 h6 49. Rxb3 Kf6 50. a5 Kf5 51. a6 1-0

[Event "Championnat de la Loire 2017-2018"]
[Site "Loire"]
[Date "2017.10.14"]
[Round "1.11"]
[White "Libiszewski, Christian"]
[Black "Bumba, Ovidiu"]
[Result "0-1"]
[WhiteElo "1328"]
[BlackElo "1599"]
[PlyCount "44"]
[EventDate "2017.??.??"]

1. e4 c5 2. d3 Nc6 3. Nf3 g6 4. g3 Bg7 5. Bg2 e5 6. O-O Nge7 7. c3 O-O 8. Be3
Qb6 9. Qd2 d5 10. Qc2 d4 11. cxd4 exd4 12. Bc1 h6 13. a3 Be6 14. Nbd2 Rac8 15.
Qd1 Qa6 16. Ne1 b5 17. b4 Nxb4 18. Bb2 Na2 19. f4 Nc3 20. Qf3 f5 21. Nb1 fxe4
22. dxe4 Nxb1 0-1

[Event "Championnat de la Loire 2017-2018"]
[Site "Loire"]
[Date "2017.10.14"]
[Round "1.12"]
[White "Choquelle, Jean"]
[Black "Vier, Serge"]
[Result "0-1"]
[WhiteElo "1170"]
[BlackElo "1571"]
[PlyCount "71"]
[EventDate "2017.??.??"]

1. d4 d6 2. c4 Nf6 3. Nc3 b6 4. Nf3 Bb7 5. g3 d5 6. cxd5 Bxd5 7. Nxd5 Nxd5 8.
Bg2 e6 9. O-O Be7 10. e4 Nb4 11. a3 N4c6 12. Be3 O-O 13. Rc1 Bf6 14. e5 Be7 15.
Ne1 Qd7 16. Qa4 Rc8 17. Bxc6 Nxc6 18. Qxc6 Qd8 19. Nf3 a6 20. Rfd1 Ra7 21. d5
Qf8 22. Bxb6 Raa8 23. Be3 h6 24. dxe6 f6 25. Rd7 f5 26. Rxc7 Rd8 27. Bc5 Kh7
28. Bxe7 Qg8 29. Bf6 Kh8 30. Bxg7+ Qxg7 31. Rxg7 Kxg7 32. Qc7+ Kh8 33. Nh4 Rg8
34. Nxf5 Rae8 35. Qf7 Rb8 36. Qf6+ 0-1

[Event "Championnat de la Loire 2017-2018"]
[Site "Loire"]
[Date "2017.10.14"]
[Round "1.14"]
[White "Megnot, Philippe"]
[Black "Martin, Julien"]
[Result "1-0"]
[WhiteElo "1320"]
[BlackElo "1545"]
[PlyCount "65"]
[EventDate "2017.??.??"]

1. e4 e5 2. Nf3 d6 3. Be2 Nf6 4. Nc3 Be7 5. d4 exd4 6. Nxd4 O-O 7. O-O Bd7 8.
Bf3 Nc6 9. Bf4 Nxd4 10. Qxd4 c5 11. Qd1 Bc6 12. Re1 a5 13. Bg3 b5 14. Qe2 Rb8
15. Rad1 b4 16. Nd5 Bb5 17. Nxe7+ Qxe7 18. Qd2 Rfd8 19. Bxd6 Qe8 20. e5 Nd7 21.
Qf4 Rb6 22. e6 fxe6 23. Rxe6 Qf7 24. Qxf7+ Kxf7 25. Re7+ Kg8 26. Bxc5 Rbb8 27.
Bd6 Re8 28. Rxe8+ Rxe8 29. Bc7 h6 30. Bxa5 Bc4 31. Bxb4 Kh8 32. Rxd7 Re1+ 33.
Bxe1 1-0

[Event "Championnat de la Loire 2017-2018"]
[Site "Loire"]
[Date "2017.10.14"]
[Round "1.15"]
[White "Bartomeu, Emmanuel"]
[Black "Brachet, Gerard"]
[Result "0-1"]
[WhiteElo "1529"]
[BlackElo "1310"]
[PlyCount "94"]
[EventDate "2017.??.??"]

1. e4 e5 2. Nf3 Nc6 3. Bc4 Be7 4. d3 d6 5. Nc3 Bg4 6. h3 Bd7 7. Be3 h6 8. Qd2
g5 9. Nh2 f5 10. f3 f4 11. Bf2 h5 12. Nb5 a6 13. Nc3 Nf6 14. Nd5 g4 15. Bh4
Nxd5 16. Bxe7 Ndxe7 17. O-O-O g3 18. Nf1 b5 19. Bb3 Nd4 20. c3 Nxb3+ 21. axb3
c5 22. c4 a5 23. Qc2 b4 24. Kd2 a4 25. Ra1 axb3 26. Qb1 Rxa1 27. Qxa1 O-O 28.
Qa6 Bc8 29. Qa4 Qb6 30. Ke2 Nc6 31. Nd2 Bd7 32. Kf1 Qa5 33. Qxa5 Nxa5 34. Ke2
Nb7 35. Ra1 Bc6 36. Ra6 Nd8 37. Nxb3 Kf7 38. Na5 Bb7 39. Ra7 Ke6 40. Nxb7 Nxb7
41. Rxb7 Ra8 42. Rh7 Ra2 43. Rxh5 Rxb2+ 44. Kf1 b3 45. Rh6+ Kd7 46. Rh7+ Kc6
47. h4 Rf2+ 0-1

[Event "Championnat de la Loire 2017-2018"]
[Site "Loire"]
[Date "2017.10.14"]
[Round "1.16"]
[White "Bouchut, Leo"]
[Black "Carteron, Olivier"]
[Result "1-0"]
[WhiteElo "1279"]
[BlackElo "1525"]
[PlyCount "71"]
[EventDate "2017.??.??"]

1. e4 e6 2. Nf3 d5 3. e5 Qd7 4. d4 b6 5. Be3 Ba6 6. Bxa6 Nxa6 7. c3 Nb8 8. Nbd2
c5 9. Rc1 Nc6 10. a3 c4 11. O-O h5 12. h3 h4 13. Bg5 Be7 14. Bxe7 Ngxe7 15. Ne1
Nf5 16. Ndf3 Ke7 17. Nc2 Rag8 18. Nb4 g5 19. Nxc6+ Qxc6 20. Nh2 b5 21. Ng4 a5
22. Rb1 Nh6 23. f4 Nf5 24. Qd2 Ng3 25. Rf3 Rg6 26. fxg5 Ne4 27. Qe3 Nxg5 28.
Rf6 Rhg8 29. Nh6 R8g7 30. Nf5+ Kf8 31. Nxg7 Kxg7 32. Rxg6+ Kxg6 33. Qf4 Kh5 34.
Qg4+ Kg6 35. Rf1 b4 36. Rf6+ 1-0

[Event "Championnat de la Loire 2017-2018"]
[Site "Loire"]
[Date "2017.10.14"]
[Round "1.17"]
[White "Bragado, Kevin"]
[Black "Hong, Shawn"]
[Result "1-0"]
[WhiteElo "1514"]
[BlackElo "1274"]
[PlyCount "61"]
[EventDate "2017.??.??"]

1. d4 d5 2. Nf3 Nf6 3. e3 e6 4. c4 c6 5. Bd3 Nbd7 6. Qc2 Bd6 7. O-O O-O 8. Nbd2
e5 9. dxe5 Nxe5 10. Nxe5 Bxe5 11. Nf3 Bc7 12. Rd1 h6 13. cxd5 cxd5 14. b3 Bg4
15. Be2 Re8 16. Bb2 Be6 17. Bb5 Rf8 18. Bxf6 gxf6 19. e4 Qd6 20. Qd2 Rad8 21.
Qxh6 Bg4 22. Kh1 Qb6 23. Qh4 Bd7 24. Bxd7 Rxd7 25. Qg4+ Kh8 26. Qxd7 dxe4 27.
Rd5 Qe6 28. Rh5+ Kg7 29. Qxc7 Qg4 30. Rh4 Qg6 31. Nd4 1-0

[Event "Championnat de la Loire 2017-2018"]
[Site "Loire"]
[Date "2017.10.14"]
[Round "1.18"]
[White "Wille, Gaspar"]
[Black "Mazet, Christian"]
[Result "0-1"]
[WhiteElo "1183"]
[BlackElo "1513"]
[PlyCount "52"]
[EventDate "2017.??.??"]

1. e4 d5 2. exd5 Qxd5 3. Nc3 Qa5 4. Nf3 Nf6 5. Bc4 Bg4 6. O-O e6 7. d3 Be7 8.
Be3 c6 9. Re1 Qh5 10. d4 Bxf3 11. gxf3 Nbd7 12. Kh1 Bd6 13. f4 Ng4 14. Kg1
Qxh2+ 15. Kf1 Ndf6 16. f5 Qh3+ 17. Ke2 Nxe3 18. fxe3 O-O-O 19. Qd3 exf5 20.
Bxf7 f4 21. Kd2 Qg2+ 22. Kc1 fxe3 23. Rxe3 Qg1+ 24. Nd1 Kb8 25. Qf5 Rhf8 26.
Qe6 Bf4 0-1

[Event "Championnat de la Loire 2017-2018"]
[Site "Loire"]
[Date "2017.10.14"]
[Round "1.19"]
[White "Piper, Stephane"]
[Black "Dos Santos, Lilian"]
[Result "0-1"]
[WhiteElo "1512"]
[BlackElo "1180"]
[PlyCount "43"]
[EventDate "2017.??.??"]

1. c4 e5 2. Nc3 Nc6 3. g3 d6 4. Bg2 Bd7 5. e3 Nf6 6. Nge2 Be7 7. O-O O-O 8. a3
Na5 9. b3 c6 10. d3 c5 11. b4 Nc6 12. b5 Na5 13. Bd2 Rb8 14. Nd5 Nxd5 15. Bxd5
Bg4 16. Bf3 e4 17. Rb1 b6 18. Bxa5 bxa5 19. Qd2 Bh3 20. Bg2 Bxg2 21. Kxg2 d5
22. cxd5 0-1

[Event "Championnat de la Loire 2017-2018"]
[Site "Loire"]
[Date "2017.10.14"]
[Round "1.20"]
[White "Poyet, Louis"]
[Black "Zaouak, Fahim"]
[Result "1-0"]
[WhiteElo "1104"]
[BlackElo "1489"]
[PlyCount "41"]
[EventDate "2017.??.??"]

1. e4 e5 2. Nf3 Nc6 3. Bc4 Nf6 4. Nc3 Be7 5. d3 O-O 6. Be3 d6 7. h3 a6 8. a4
Bd7 9. O-O Qc8 10. d4 Nxe4 11. Nxe4 exd4 12. Bxd4 Bf5 13. Nc3 Qd7 14. Nd5 Rad8
15. Nxe7+ Qxe7 16. Bd3 Qd7 17. Bxf5 Qxf5 18. Qd3 Qd5 19. Be3 Qe6 20. Ng5 Qf6
21. Qxh7# 1-0

[Event "Championnat de la Loire 2017-2018"]
[Site "Loire"]
[Date "2017.10.14"]
[Round "1.21"]
[White "Ben Habchi, Nordine"]
[Black "Poncet, Baptiste"]
[Result "1-0"]
[WhiteElo "1290"]
[BlackElo "1127"]
[PlyCount "75"]
[EventDate "2017.??.??"]

1. e4 e5 2. f4 exf4 3. Nf3 Nc6 4. Bc4 Nf6 5. d3 Bd6 6. O-O O-O 7. Nc3 b6 8. Re1
Re8 9. d4 Nh5 10. e5 Be7 11. h3 Bb7 12. Ne2 d5 13. Bd3 Bg5 14. c3 a5 15. Qc2 g6
16. Bd2 Ba6 17. Bxa6 Rxa6 18. Nc1 Bh4 19. Nxh4 Qxh4 20. Ne2 f3 21. Rf1 fxe2 22.
Be1 Ng3 23. Rf3 Qe4 24. Rd3 Nf5 25. Qd2 Nh4 26. Bxh4 Qxh4 27. Qxe2 Qe4 28. Re3
Qf4 29. Rf1 Qg5 30. Ref3 Re7 31. Qxa6 Qd2 32. R3f2 Qe3 33. Qa8+ Kg7 34. Qxc6
Kf8 35. Qxd5 Ke8 36. Kh1 Qg5 37. Rxf7 h5 38. Rf8# 1-0

[Event "Championnat de la Loire 2017-2018"]
[Site "Loire"]
[Date "2017.11.11"]
[Round "2.1"]
[White "Frey, Thierry"]
[Black "Fauvin, David"]
[Result "0-1"]
[WhiteElo "1863"]
[BlackElo "1453"]
[PlyCount "126"]
[EventDate "2017.??.??"]

1. e4 e6 2. Nf3 d5 3. Nc3 c5 4. Bb5+ Nc6 5. exd5 exd5 6. O-O Nf6 7. d3 Be7 8.
Ne5 Bd7 9. Bf4 Nxe5 10. Bxe5 O-O 11. Qf3 d4 12. Bxf6 Bxf6 13. Bxd7 dxc3 14.
Qxb7 cxb2 15. Rab1 Qa5 16. Qb5 Qc3 17. Qb3 a5 18. Qxc3 Bxc3 19. a4 Ra7 20. Bb5
Re7 21. g3 Rd8 22. Kg2 Rd6 23. Bc4 g6 24. h3 Kg7 25. h4 Re5 26. g4 Rd7 27. Kf3
Rde7 28. Kg2 Rd7 29. Kf3 Rd4 30. Rh1 h6 31. h5 g5 32. Rhf1 Rf4+ 33. Kg3 Re2 34.
d4 Rd2 35. f3 Bxd4 36. Bd3 Bc3 37. Be4 Rd4 38. Bc6 Rd6 39. Bb5 Rd2 40. Rf2 Rd6
41. Rff1 Bf6 42. Rfd1 Rxd1 43. Rxd1 c4 44. Bc6 c3 45. Bb5 Bd4 46. Kg2 Be3 47.
Rb1 Bc1 48. Kf2 Rd4 49. Ke1 Kf6 50. Kf1 Ke5 51. Ke1 Kd6 52. Be8 f6 53. Bb5 Kc5
54. Be8 Kb4 55. Bf7 Kxa4 56. Bb3+ Kb5 57. Bf7 a4 58. Be6 a3 59. Bb3 Rd7 60. Ba2
Kc5 61. Bb3 Rd4 62. Ba2 Rd2 63. Bb3 Kd4 0-1

[Event "Championnat de la Loire 2017-2018"]
[Site "Loire"]
[Date "2017.10.22"]
[Round "2.2"]
[White "Garon, Pierre"]
[Black "Prando, Julien"]
[Result "0-1"]
[WhiteElo "1855"]
[BlackElo "1392"]
[PlyCount "56"]
[EventDate "2017.??.??"]

1. d4 Nf6 2. Nf3 e6 3. e3 d5 4. Bd3 c5 5. b3 Bd6 6. O-O O-O 7. Bb2 Nbd7 8. Nbd2
Qc7 9. Rc1 e5 10. dxe5 Nxe5 11. Nxe5 Bxe5 12. Bxe5 Qxe5 13. c4 Rd8 14. Qc2 b6
15. Nf3 Qh5 16. Rfe1 Bb7 17. Be2 Qg4 18. Nd2 Qe6 19. cxd5 Qxd5 20. Nf3 Qe4 21.
Qxe4 Nxe4 22. Bc4 Nd6 23. Bf1 Ne4 24. Red1 Kf8 25. Bc4 b5 26. Bxb5 Rxd1+ 27.
Rxd1 Nc3 28. Rd8+ Rxd8 0-1

[Event "Championnat de la Loire 2017-2018"]
[Site "Loire"]
[Date "2017.11.11"]
[Round "2.3"]
[White "Bragado, Kevin"]
[Black "Deville, Olivier"]
[Result "0-1"]
[WhiteElo "1588"]
[BlackElo "1848"]
[PlyCount "54"]
[EventDate "2017.??.??"]

1. d4 Nf6 2. c4 e6 3. a3 b6 4. Nc3 d5 5. Bg5 dxc4 6. e4 Be7 7. Bxc4 Bb7 8. Bxf6
Bxf6 9. Nge2 O-O 10. O-O Nd7 11. e5 Be7 12. f4 c6 13. f5 exf5 14. Rxf5 g6 15.
Rxf7 Rxf7 16. Qb3 Qf8 17. Rf1 Bf6 18. Bxf7+ Qxf7 19. Qxf7+ Kxf7 20. exf6 Re8
21. Ng3 c5 22. d5 Re5 23. d6 Bc6 24. Rf4 Nxf6 25. Nge4 Bxe4 26. Nxe4 Rxe4 27.
d7 Re1+ 0-1

[Event "Championnat de la Loire 2017-2018"]
[Site "Loire"]
[Date "2017.11.11"]
[Round "2.4"]
[White "Mazet, Christian"]
[Black "Cursoux, Gerard"]
[Result "0-1"]
[WhiteElo "1513"]
[BlackElo "1824"]
[PlyCount "95"]
[EventDate "2017.??.??"]

1. e4 c5 2. c3 d5 3. exd5 Qxd5 4. Nf3 e5 5. Bb5+ Bd7 6. Bxd7+ Nxd7 7. O-O e4 8.
Qe2 O-O-O 9. Ne1 Ngf6 10. c4 Qc6 11. Nc3 Bd6 12. d3 Rde8 13. Be3 Ne5 14. dxe4
Nxe4 15. Nd5 Nf6 16. Nxf6 gxf6 17. h3 Rhg8 18. f4 Ng6 19. Qg4+ Kb8 20. Qf3 Qc7
21. Qf2 Ne7 22. b4 b6 23. bxc5 Bxc5 24. Bxc5 Qxc5 25. Qxc5 bxc5 26. Rb1+ Kc7
27. Rf2 Rb8 28. Rfb2 Rxb2 29. Rxb2 Rd8 30. Kf2 Rd4 31. Re2 Kd6 32. Rc2 Rxf4+
33. Ke3 Rd4 34. Nf3 Nf5+ 35. Kf2 Re4 36. Rd2+ Nd4 37. a4 Kc6 38. Nxd4+ cxd4 39.
Rd3 Kc5 40. Kf3 f5 41. Rb3 Kxc4 42. Rb7 d3 43. Rxa7 d2 44. Rc7+ Kb3 45. Rb7+
Kc2 46. Rc7+ Kd1 47. Kf2 Rf4+ 48. Ke3 0-1

[Event "Championnat de la Loire 2017-2018"]
[Site "Loire"]
[Date "2017.11.11"]
[Round "2.5"]
[White "Brachet, Gerard"]
[Black "Philip, Sylvain"]
[Result "0-1"]
[WhiteElo "1310"]
[BlackElo "1654"]
[PlyCount "92"]
[EventDate "2017.??.??"]

1. e4 e6 2. d4 d5 3. e5 c5 4. c3 Nc6 5. Bb5 cxd4 6. Bxc6+ bxc6 7. cxd4 c5 8.
Nf3 cxd4 9. Qxd4 Qc7 10. Nc3 Bd7 11. b4 a5 12. Ba3 Nh6 13. O-O Be7 14. Rac1 Qb7
15. Rb1 Qc7 16. Rfc1 Qd8 17. Ne2 O-O 18. Rc3 axb4 19. Bxb4 Bxb4 20. Rxb4 Rxa2
21. Nc1 Ra1 22. h3 Nf5 23. Qf4 Qa5 24. Rcb3 Rc8 25. Rb8 Qc7 26. Rb1 Rxb1 27.
Rxb1 Qc2 28. Qb4 h6 29. g4 Qd1+ 30. Kg2 Ne3+ 31. fxe3 Rxc1 32. Rxc1 Qxc1 33.
Qe1 Qc2+ 34. Qf2 Qe4 35. Kg3 Bb5 36. g5 hxg5 37. Nxg5 Qxe5+ 38. Qf4 Qxf4+ 39.
Kxf4 Kf8 40. Ke5 Ke7 41. Kd4 f6 42. Nf3 Kd6 43. h4 e5+ 44. Kc3 Be2 45. Nd2 g5
46. hxg5 fxg5 0-1

[Event "Championnat de la Loire 2017-2018"]
[Site "Loire"]
[Date "2017.11.11"]
[Round "2.7"]
[White "Guichard, Thomas"]
[Black "Megnot, Philippe"]
[Result "1/2-1/2"]
[WhiteElo "1613"]
[BlackElo "1366"]
[PlyCount "100"]
[EventDate "2017.??.??"]

1. d4 e6 2. e4 d5 3. Nc3 Nf6 4. e5 Nfd7 5. Nce2 c5 6. c3 Nc6 7. f4 Qb6 8. Nf3
cxd4 9. cxd4 Bb4+ 10. Nc3 a6 11. g3 Ne7 12. Bh3 f6 13. O-O f5 14. Ne2 Qd8 15.
Ng5 Nf8 16. Be3 Nc6 17. Rc1 Be7 18. Nc3 h6 19. Nf3 g5 20. Bg2 g4 21. Ne1 Ng6
22. Nd3 Kf7 23. Na4 h5 24. Nac5 h4 25. Bf2 Qf8 26. Qb3 Rb8 27. Nb4 hxg3 28.
hxg3 Nxb4 29. Qxb4 Qh6 30. Be3 Bd7 31. Qb6 Bc6 32. Kf2 Qg7 33. Rh1 Rxh1 34.
Rxh1 Bxc5 35. Qxc5 Rh8 36. Qd6 Rxh1 37. Bxh1 Qf8 38. Qxf8+ Nxf8 39. Bd2 Nd7 40.
Bb4 Nb6 41. b3 Bb5 42. Ke3 Bf1 43. Kd2 Ke8 44. Kc3 Kd7 45. Bc5 Kc6 46. Kb4 Nd7
47. Be7 b6 48. a3 a5+ 49. Kc3 b5 50. Bd8 Nb6 $11 1/2-1/2

[Event "Championnat de la Loire 2017-2018"]
[Site "Loire"]
[Date "2017.11.11"]
[Round "2.8"]
[White "Dos Santos, Lilian"]
[Black "Trottet, Francois"]
[Result "0-1"]
[WhiteElo "1180"]
[BlackElo "1609"]
[PlyCount "130"]
[EventDate "2017.??.??"]

1. e4 c5 2. Nc3 e6 3. Nf3 Nc6 4. Be2 Nd4 5. O-O Nxe2+ 6. Qxe2 g6 7. d3 Bg7 8.
Bd2 d6 9. e5 Ne7 10. Rfe1 O-O 11. Bf4 Nf5 12. Ne4 dxe5 13. Nxe5 Nd4 14. Qd2 Re8
15. c3 Nf5 16. Nxc5 b6 17. Nc6 Qd5 18. Nd4 Qxc5 19. b4 Qf8 20. Nxf5 exf5 21.
Rxe8 Qxe8 22. Re1 Qc6 23. c4 Bb7 24. f3 Re8 25. b5 Rxe1+ 26. Qxe1 Qc5+ 27. Kh1
Qd4 28. Qe3 Qa1+ 29. Qc1 Qxa2 30. h3 Qe2 31. Qe3 Qxe3 32. Bxe3 Be5 33. c5 bxc5
34. Bxc5 Bb8 35. b6 axb6 36. Bxb6 Kf8 37. Kg1 Ke7 38. Kf2 Kd6 39. Ke3 Kc6 40.
Bd4 Kd5 41. f4 Bxf4+ 42. Kxf4 Kxd4 43. g4 Kxd3 44. gxf5 gxf5 45. Kxf5 Be4+ 46.
Kf6 Bg6 47. Kg5 h5 48. h4 Ke4 49. Kh6 Kf4 50. Kg7 Kg4 51. Kh6 Kxh4 52. Kg7 Kg4
53. Kh6 h4 54. Kg7 h3 55. Kf6 h2 56. Ke5 h1=Q 57. Kd4 Qe4+ 58. Kc5 f5 59. Kd6
f4 60. Kc7 Qe5+ 61. Kb6 f3 62. Kb7 f2 63. Kc6 f1=Q 64. Kd7 Qf7+ 65. Kc8 Qec7#
0-1

[Event "Championnat de la Loire 2017-2018"]
[Site "Loire"]
[Date "2017.11.11"]
[Round "2.9"]
[White "Bumba, Ovidiu"]
[Black "Ben Habchi, Nordine"]
[Result "1-0"]
[WhiteElo "1599"]
[BlackElo "1287"]
[PlyCount "81"]
[EventDate "2017.??.??"]

1. c4 e6 2. Nc3 Nf6 3. g3 c6 4. Bg2 d5 5. cxd5 exd5 6. d3 Bc5 7. Nf3 O-O 8. O-O
Be6 9. a3 Nbd7 10. b4 Bb6 11. Bb2 a5 12. b5 Qc7 13. bxc6 bxc6 14. Rc1 Qa7 15.
Na4 Rac8 16. Nxb6 Qxb6 17. Qc2 c5 18. Rb1 Qa7 19. Ng5 Bf5 20. e4 dxe4 21. dxe4
Bg6 22. Qc3 Rfe8 23. Rbe1 h6 24. Nh3 Nb6 25. Ba1 Na4 26. Qb3 Bxe4 27. Qxa4 Bxg2
28. Kxg2 Qb7+ 29. f3 Red8 30. Bxf6 gxf6 31. Qg4+ Kh8 32. Qf5 Kg7 33. Re4 Rd2+
34. Rf2 Rxf2+ 35. Nxf2 c4 36. Rg4+ Kf8 37. Qxf6 c3 38. Qxh6+ Ke7 39. Re4+ Kd7
40. Rd4+ Ke7 41. Qd6+ 1-0